000 01174nam a2200349 c 4500
001 57586
003 CO-BoRNBP
005 20250714114502.0
007 ta
008 231207t2023 ck a|||ar ||| 00| j spa d
020 _a9789585499256
040 _aCO-BoRNBP
_bspa
_erda
_cCO-BoRNBP
041 1 _aspa
_hfre
043 _ae-fr---
084 _aC
100 _aStehr, Frédéric,
_d1956-
_eaut
_eill
245 1 1 _a¡Chin bam bum! /
_cilustraciones y texto Fredéric Stehr ; traducción Xosé Ballesteros.
250 _aEdición especial
264 1 _aBogotá, Colombia :
_bKalandraka Editora,
_c2023
300 _a26 páginas sin numerar :
_bilustraciones a color
336 _atexto
_btxt
_2rdacontent
337 _asin mediación
_bn
_2rdamedia
338 _avolumen
_bnc
_2rdacarrier
521 1 _aRecomendado para un público infantil mayor de 3 años
534 _tZim Bam Boun
650 0 7 _aAnimales en la literatura
_2lemb
_9853
650 0 7 _aCuentos infantiles franceses
_ysiglo xxi
_2lemb
_961082
650 0 7 _aEmociones en la literatura
_2lemb
_9891
650 0 7 _aLiteratura infantil francesa
_2lemb
700 _aBallesteros, Xosé
_etrl
942 _2loc
_cBKLITI
999 _c57586
_d57586